000 00351nam a22001217a 4500
999 _c2217
_d2217
005 20200910120403.0
008 200910b ||||| |||| 00| 0 eng d
020 _a041501025X
040 _cCML
245 _aEuripides, Women, and Sexuality.
_cPowell, A.
260 _aLondon
_bRoutledge
_c1990
942 _2ddc
_cBK
_e1st Edition
_h882
_mPOW